00956nam a22002654c 4500003000900000008004100009020001800050040002500068041001800093080001100111100002100122245002900143264003100172300004100203336002700244337003300271338002800304490004200332500003500374520019000409521001300599650003400612650001100646700003300657AR-BaSMT240627t2019 enka|||ar|||| 000 1 ing d a9781474959889 aBSGBbespañolerda0 ainghInglés a82-34 1 aMackinnon, Mairi14aThe Princess and the Pea aLondres : bUsborne,c2019 a24 páginas ; bilustraciones color 2rdacontentatextobtxt 2rdamediaasin mediaciónbn 2rdacarrieravolumenbnc aUsborne English Readers Starter Level aWith activities and free audio aPrince Florian wants to marry a princess... a real princess. He meets lots of princesses, but are they real princesses? How can he know? Retold from the story by Hans Cristian Andersen. aPrimaria 7aLITERATURA INFANTILvInglés 7aCUENTO1 aGuadalupi, MarcoeIlustrador